000 00331nam a22001217a 4500
082 _aP-147
100 _aSaqib
_947854
245 _aComputerisation of engineer reconnissance and planing data book
_cSaqib, Alauddin
260 _aRisalpur
_bMCE
_c19-4-2000.
526 _a0
_b0
_c0
_dP_147
650 _aProjs
_947855
942 _2ddc
_cBK
999 _c550964
_d550964